000 00952nas a2200229 i 4500
001 768714001
003 CO-MdFUSB
005 20240813102236.0
008 240813t1922 cr ||||| |||| 00| 0 eng d
040 _bspa
_cCO-MdFUSB
_dCO-MdFUSB
041 _aeng
245 _aColombia and Venezuela
_c/ [Mrs and Mrs. Strachan]
520 _aEl siguiente artículo ha sido tomados casi textualmente de la carta de viaje enviada a casa por el Sr. y la Sra. Strachan después de haber visitado estos países en 1920. La situación sigue siendo prácticamente la misma hoy en día.
546 _aTexto en inglés.
650 0 _aMisiones
_9154
650 7 _aMisioneros
_9931
650 0 _aEvangelización
_9362
650 0 _aVida cristiana
_919
773 0 _070761
_982937
_oR2741
_tLatin America Mission
_w(CO-MdFUSB)768714001
_gVolumen 1, (número 9, 1922), páginas: 4 - 5
_qpágina: 4
942 _cANA
945 _aCatherine Arias Álvarez - Practicante SENA
999 _c70780
_d70780